000 00695cam a22002053a 4500
001 39455
003 PGUSA
005 20140828083857.0
008 120416s2012||||xxu|||||s|||||000 | eng d
040 _aPGUSA
_beng
042 _adc
100 1 _aMangasarian, M. M.
_q(Mangasar Mugurditch),
_d1859-1943
245 1 0 _aIs Life Worth Living Without Immortality? :
_bA Lecture Delivered Before the Independent Religious Society, Chicago
_h[electronic resource] /
_cM. M. Mangasarian
260 _bProject Gutenberg,
_c2012
506 _aPublic domain in the USA.
516 _aElectronic text
830 0 _aProject Gutenberg
_v39455
856 4 0 _uhttp://www.gutenberg.org/ebooks/39455
942 _cEB
999 _c268708
_d268708